00365 a2200109 4500001000900000005001700009008004100026245006800067100002400135700002000159773007600179ART_860320260410161844.0260409a 10aDistribución del ingreso, pobreza y empleo en áreas urbanas1 aTokman, Víctor E.1 aSouza, Paulo R.0 tEl trimestre económicog- Vol. XLV, Nº 179 (jul./set. 1978)wREV6933